<?xml version="1.0" encoding="UTF-8"?><?xml-stylesheet type="text/xsl" href="static/style.xsl"?><OAI-PMH xmlns="http://www.openarchives.org/OAI/2.0/" xmlns:xsi="http://www.w3.org/2001/XMLSchema-instance" xsi:schemaLocation="http://www.openarchives.org/OAI/2.0/ http://www.openarchives.org/OAI/2.0/OAI-PMH.xsd"><responseDate>2026-04-26T22:08:07Z</responseDate><request verb="GetRecord" identifier="oai:uvadoc.uva.es:10324/60263" metadataPrefix="marc">https://uvadoc.uva.es/oai/request</request><GetRecord><record><header><identifier>oai:uvadoc.uva.es:10324/60263</identifier><datestamp>2025-01-13T10:49:13Z</datestamp><setSpec>com_10324_1138</setSpec><setSpec>com_10324_931</setSpec><setSpec>com_10324_894</setSpec><setSpec>col_10324_1226</setSpec></header><metadata><record xmlns="http://www.loc.gov/MARC21/slim" xmlns:doc="http://www.lyncode.com/xoai" xmlns:xsi="http://www.w3.org/2001/XMLSchema-instance" xmlns:dcterms="http://purl.org/dc/terms/" xsi:schemaLocation="http://www.loc.gov/MARC21/slim http://www.loc.gov/standards/marcxml/schema/MARC21slim.xsd">
<leader>00925njm 22002777a 4500</leader>
<datafield tag="042" ind1=" " ind2=" ">
<subfield code="a">dc</subfield>
</datafield>
<datafield tag="720" ind1=" " ind2=" ">
<subfield code="a">Maza Solano, Juan</subfield>
<subfield code="e">author</subfield>
</datafield>
<datafield tag="720" ind1=" " ind2=" ">
<subfield code="a">Calvo Henríquez, Christian</subfield>
<subfield code="e">author</subfield>
</datafield>
<datafield tag="720" ind1=" " ind2=" ">
<subfield code="a">Alobid, Isam</subfield>
<subfield code="e">author</subfield>
</datafield>
<datafield tag="720" ind1=" " ind2=" ">
<subfield code="a">Álvarez Cendrero, Marta</subfield>
<subfield code="e">author</subfield>
</datafield>
<datafield tag="720" ind1=" " ind2=" ">
<subfield code="a">Palomares, Óscar</subfield>
<subfield code="e">author</subfield>
</datafield>
<datafield tag="720" ind1=" " ind2=" ">
<subfield code="a">Moreno Luna, Ramón</subfield>
<subfield code="e">author</subfield>
</datafield>
<datafield tag="720" ind1=" " ind2=" ">
<subfield code="a">Santos Pérez, Jaime</subfield>
<subfield code="e">author</subfield>
</datafield>
<datafield tag="720" ind1=" " ind2=" ">
<subfield code="a">González García, Jaime</subfield>
<subfield code="e">author</subfield>
</datafield>
<datafield tag="720" ind1=" " ind2=" ">
<subfield code="a">Sánchez Gómez, Serafín</subfield>
<subfield code="e">author</subfield>
</datafield>
<datafield tag="260" ind1=" " ind2=" ">
<subfield code="c">2022</subfield>
</datafield>
<datafield tag="520" ind1=" " ind2=" ">
<subfield code="a">Currently, some monoclonal antibodies (mAbs) are being studied for chronic rhinosinusitis with nasal polyps (CRSwNP). Three anti-IL-5 mAb: mepolizumab, reslizumab and benralizumab, have been tested through randomized clinical trials. In this real-life study, we aimed to describe the nasal effects of a cohort of asthmatic adults treated with anti-IL-5 mAb. Methods: We carried out an observational study in adults (≥18 years) on anti-IL-5 mAb treatment. Variables included ACT and SNOT−22 questionnaires, nasal polyps score, blood total IgE levels and blood eosinophil count. Results: Overall, 38 participants were included in the study; 19 patients received mepolizumab, 17 were treated with benralizumab and 2 patients were given reslizumab. There was a statistically significant difference in the ACT and SNOT−22 scores before and after mAb treatment. ACT score increased from 11.05 to 21.5 after treatment (p &lt; 0.001). SNOT−22 decreased from 57 to 37.3 after treatment (p = 0.004). No statistically significant differences between mAb groups were observed regarding the ACT or the SNOT−22 (p = 0.775) response (p = 0.775). In addition, 60.53% of patients obtained a minimal clinically important difference (MCID) in SNOT−22. Conclusions: A significant clinical response based on SNOT−22 score evolution after anti-IL-5 mAb treatment was observed. This study also demonstrated that blood eosinophil count, rather than serum total IgE levels, is the best predictor of asthma symptom improvement, which was assessed through the ACT and SNOT−22 questionnaires.</subfield>
</datafield>
<datafield tag="024" ind2=" " ind1="8">
<subfield code="a">Journal of Clinical Medicine, 2022, Vol. 11, Nº. 23, 7056</subfield>
</datafield>
<datafield tag="024" ind2=" " ind1="8">
<subfield code="a">2077-0383</subfield>
</datafield>
<datafield tag="024" ind2=" " ind1="8">
<subfield code="a">https://uvadoc.uva.es/handle/10324/60263</subfield>
</datafield>
<datafield tag="024" ind2=" " ind1="8">
<subfield code="a">10.3390/jcm11237056</subfield>
</datafield>
<datafield tag="024" ind2=" " ind1="8">
<subfield code="a">7056</subfield>
</datafield>
<datafield tag="024" ind2=" " ind1="8">
<subfield code="a">23</subfield>
</datafield>
<datafield tag="024" ind2=" " ind1="8">
<subfield code="a">Journal of Clinical Medicine</subfield>
</datafield>
<datafield tag="024" ind2=" " ind1="8">
<subfield code="a">11</subfield>
</datafield>
<datafield tag="024" ind2=" " ind1="8">
<subfield code="a">2077-0383</subfield>
</datafield>
<datafield ind1=" " ind2=" " tag="653">
<subfield code="a">Asthma</subfield>
</datafield>
<datafield ind1=" " ind2=" " tag="653">
<subfield code="a">Asma</subfield>
</datafield>
<datafield ind1=" " ind2=" " tag="653">
<subfield code="a">Allergy</subfield>
</datafield>
<datafield ind1=" " ind2=" " tag="653">
<subfield code="a">Otorhinolaryngology</subfield>
</datafield>
<datafield ind1=" " ind2=" " tag="653">
<subfield code="a">Otorrinolaringologia</subfield>
</datafield>
<datafield ind1=" " ind2=" " tag="653">
<subfield code="a">Chronic diseases</subfield>
</datafield>
<datafield ind1=" " ind2=" " tag="653">
<subfield code="a">Enfermedades crónicas</subfield>
</datafield>
<datafield ind1=" " ind2=" " tag="653">
<subfield code="a">Respiratory organs - Diseases</subfield>
</datafield>
<datafield ind1=" " ind2=" " tag="653">
<subfield code="a">Respiratorio, aparato - Enfermedades</subfield>
</datafield>
<datafield ind1=" " ind2=" " tag="653">
<subfield code="a">Pneumology</subfield>
</datafield>
<datafield ind1=" " ind2=" " tag="653">
<subfield code="a">Neumología</subfield>
</datafield>
<datafield ind1=" " ind2=" " tag="653">
<subfield code="a">Nose - Diseases</subfield>
</datafield>
<datafield ind1=" " ind2=" " tag="653">
<subfield code="a">Nariz - Enfermedades</subfield>
</datafield>
<datafield ind1=" " ind2=" " tag="653">
<subfield code="a">Asthma - Treatment</subfield>
</datafield>
<datafield ind1=" " ind2=" " tag="653">
<subfield code="a">Asma - Tratamiento</subfield>
</datafield>
<datafield tag="245" ind1="0" ind2="0">
<subfield code="a">Nasal symptoms in asthmatic patients under treatment with anti-IL-5 monoclonal antibodies. A real-life cohort study</subfield>
</datafield>
</record></metadata></record></GetRecord></OAI-PMH>